Iniciační analýza podmínek inkluze u osob se specifickými potřebami /

Hlavní autor: Finková, Dita
Korporativní autor: Univerzita Palackého. Pedagogická fakulta
Jazyk: Čeština
Vydáno: Olomouc : Univerzita Palackého v Olomouci, 2013
Vydání: 1. vyd.
Témata:
Fyzický popis: 184 s. : il. (převážně barev.) ; 21 cm
Knihy
Uloženo v:
LEADER 02447nam a2200625 a 4500
001 nkc20142576263
003 CZ PrNK
005 20140526162515.0
007 ta
008 140326s2013 xr a f 000 0 cze
015 |a cnb002576263 
020 |a 978-80-244-3865-8  |q (brož.) :  |c neprodejné 
035 |a (OCoLC)880868980 
040 |a ABA001  |b cze 
072 7 |a 37  |x Výchova a vzdělávání  |2 Konspekt  |9 22 
080 |a 37.043.2  |2 MRF 
080 |a 376.013.77  |2 MRF 
080 |a 37.04  |2 MRF 
080 |a 37.0-022.324  |2 MRF 
080 |a 364-786  |2 MRF 
080 |a 316.344.6-056.262  |2 MRF 
080 |a 316.344.6-056.263  |2 MRF 
080 |a 316.344.6-056.36  |2 MRF 
080 |a (048.8:082)  |2 MRF 
100 1 |a Finková, Dita  |7 ola2008434624  |4 aut 
245 1 0 |a Iniciační analýza podmínek inkluze u osob se specifickými potřebami /  |c Dita Finková a kol. 
250 |a 1. vyd. 
260 |a Olomouc :  |b Univerzita Palackého v Olomouci,  |c 2013 
300 |a 184 s. :  |b il. (převážně barev.) ;  |c 21 cm 
500 |a Nad názvem: Univerzita Palackého v Olomouci, Pedagogická fakulta 
504 |a Obsahuje bibliografie 
650 0 7 |a integrovaná výchova a vzdělávání  |7 ph121132  |2 czenas 
650 0 7 |a speciálněpedagogická diagnostika  |7 ph751240  |2 czenas 
650 0 7 |a speciální vzdělávací potřeby  |7 ph754025  |2 czenas 
650 0 7 |a sociální integrace  |7 ph125789  |2 czenas 
650 0 7 |a celoživotní vzdělávání  |7 ph119091  |2 czenas 
650 0 7 |a osoby se zrakovým postižením  |7 ph127686  |2 czenas 
650 0 7 |a osoby se sluchovým postižením  |7 ph116187  |2 czenas 
650 0 7 |a osoby s mentálním postižením  |7 ph115263  |2 czenas 
650 0 9 |a integrated education  |2 eczenas 
650 0 9 |a special educational diagnostics  |2 eczenas 
650 0 9 |a special educational needs  |2 eczenas 
650 0 9 |a social integration  |2 eczenas 
650 0 9 |a permanent education  |2 eczenas 
650 0 9 |a people with visual disabilities  |2 eczenas 
650 0 9 |a hearing impaired  |2 eczenas 
650 0 9 |a people with mental disabilities  |2 eczenas 
655 7 |a kolektivní monografie  |7 fd501537  |2 czenas 
655 9 |a collective monographs  |2 eczenas 
710 2 |a Univerzita Palackého.  |b Pedagogická fakulta  |7 kn20010709375 
910 2 |a BOA001  |b 2-1325.944 
990 |a BK 
995 |a 01 
991 |b 201405  |c NOV  |e n 
996 6 |b 2610590931  |c 2-1325.944  |l MZK  |r Sklad / do 1 hodiny  |n 17  |p p.v.  |w 001420351  |u 000010  |a 1  |e BOA001  |j MZK50  |s P